000 00654cab a2200253 4500
001 WB3206-32
008 090401t1996 xxu||||| |||| 00| 0 eng d
035 _a(Sirsi) u21207
041 _aeng
245 _aMoD`s bombshell
260 _c1996
350 _a0
490 _aIndependent
_v7 February 1996, 2.14(2)
520 _aLooks at reasons for the criticism surrounding the sale of the MoD housing stock.
650 _aDEFENCE PROPERTY
650 _aDISPOSAL
650 _aHOUSING STOCK
650 _aMINISTRY OF DEFENCE
650 _aMOD ESTATE
650 _aPRIVATISATION
690 _aHOUSING
942 _n0
948 _c04/03/1997
999 _c14235
_d14235